Hindustani Loan Word Click Quiz - Statistics

General Stats
  • This quiz has been taken 32 times
  • The average score is 19 of 88
Answer Stats
Hint Answer % Correct
इलाक़ा علاقہ ilāqā area Arabic
47%
नक़ल نقل naqal fake Arabic
47%
साहब صاحب sāhab sir Arabic
47%
मालिक مالک mālik owner Arabic
47%
आसमान آسمان aasman sky Persian
47%
अक़्ल عقل aqal wisdom Arabic
40%
सवाल سوال sovāl question Arabic
40%
तारीख़ تاریخ tārīk͟h date Arabic
40%
हिसाब حساب hisāb calculation Arabic
40%
लीची لیچی līcī lychee Chinese
40%
स्कूल اسکول skūl/iskūl school English
40%
कप کپ kap cup English
40%
कनस्तर کنستر kanastar canister English
40%
क़बर قبر qabr grave Arabic
33%
ख़बर خبر k͟habar news Arabic
33%
ख़ाली خالی k͟hālī empty Arabic
33%
ख़्याल خیال k͟hayāl consideration Arabic
33%
ग़रीब غریب ġarīb poor Arabic
33%
जवाब جواب javāb answer Arabic
33%
जमा جمع jamā collect Arabic
33%
दुनिया دنیا duniyā world Arabic
33%
फ़क़ीर فقیر faqīr poor person Arabic
33%
बाक़ी باقی bāqī remaining Arabic
33%
लज़ीज़ لذیذ lazeez delicious Arabic
33%
चाय چائے cāy tea Chinese
33%
चीनी چینی cīnī sugar Chinese
33%
जेल جیل jel jail English
33%
डॉक्टर ڈاکٹر ḍôktar doctor English
33%
बैंक بینک baiṅk bank English
33%
वोट ووٹ voṭ vote English
33%
टेबल ٹیبل ṭebal table English
33%
बॉक्स بکس bôks box English
33%
दर्द درد dard pain Persian
33%
गर्म گرم garam warm Persian
33%
पपीता پپیتا papītā papaya Portuguese
33%
गिरजा گرجا girjā church Portuguese
33%
असली اصلی aslī real Arabic
27%
वज़न وزن vazan weight Arabic
27%
बदल بدل badal exchange Arabic
27%
अफ़सर افسر afsar officer English
27%
गिलास گلاس gilās glass English
27%
लालटेन لالٹین lālṭen lantern English
27%
ख़ुश خوش khush happy Persian
27%
रोज़ा روزہ roza fasting Persian
27%
काजू کاجو kāju cashew Portuguese
27%
पादरी پادری padrī Christian priest Portuguese
27%
पुलिस پولیس pulis police English
20%
साल سال saal year Persian
20%
अनानास انناس anānās pineapple Portuguese
20%
क़ैंची قینچی qãincī scissors Turkish
20%
आलू آلو ālū potato Austroasiatic
13%
झोल جھول jhol gravy Austroasiatic
13%
कारतूस کارتوس kārtūs cartridge French
13%
बदन بدن badan body Persian
13%
शायद شاید shayad maybe Persian
13%
हमेशा ہمیشہ hamesha always Persian
13%
अलमारी الماری almāri closet Portuguese
13%
इस्तरी استریi strī to iron Portuguese
13%
चाबी چابی cābī key Portuguese
13%
पाउ रोटी پاو روٹی pāu roṭī sliced bread Portuguese
13%
क्रूस کروس krūs cross Portuguese
13%
खोज کھوج khoj discovery Austroasiatic
7%
चावल چاول cāwal rice grains Austroasiatic
7%
टांग ٹانگ ṭaṅg leg Austroasiatic
7%
ढोल ڈھول ḍhol drum Austroasiatic
7%
पेट پیٹ peṭ belly Austroasiatic
7%
रेस्तराँ ریستوراں restarā̃ restaurant French
7%
ज़मीं زمین zameen land Persian
7%
तम्बाकू تمباکو tambākū tobacco Portuguese
7%
तौलिया تولیہ tauliyā towel Portuguese
7%
फ़ीता فیتا fītā lace, ribbon Portuguese
7%
बराम्दा برآمدہ 'baramdā verandah Portuguese
7%
साबुन صابن sābun soap Portuguese
7%
गोभी گوبھیgobhī cabbage, cauliflower Portuguese
7%
सलाद سلاد salād salad Portuguese
7%
अंग्रेज़ انگریز aṅgrez English Portuguese
7%
उर्दू اردو Urdu Urdu Turkish
7%
बावर्ची باورچی bāwarchī cook, chef Turkish
7%
लाश لاش lāś corpse Turkish
7%
चूल्हा چولہا cūlhā oven, stove Austroasiatic
0%
इस्पात ایسپات ispāt steel Portuguese
0%
गमला گملا gamlā basket Portuguese
0%
जंगला جنگلا jaṅglā window-railing Portuguese
0%
बाल्टी بالٹی bāltī pail Portuguese
0%
साबूदाना سابودانا 'sābūdānā sago Portuguese
0%
क़ोरमा قورمہ qormā korma Turkish
0%
बेगम بیگم begam lady Turkish
0%
घूर گھور ghour a stare, staring Turkish
0%
No matching quizzes found
Score Distribution
Percent of People with Each Score
Percentile by Number Answered
Your Score History
You have not taken this quiz